[Event "Prague Festival Future 2020"]
[Site "Prague"]
[Date "2020.02.15"]
[Round "4.2"]
[White "Chinguun Bayaraa"]
[Black "Finek, Vaclav"]
[Result "1-0"]
[WhiteElo "2049"]
[BlackElo "2220"]
[Annotator "ChessBase"]
[PlyCount "143"]
[EventDate "2020.02.12"]
[EventType "tourn"]
[EventCountry "CZE"]
[SourceTitle "playchess.com"]
[Source "ChessBase"]
[SourceQuality "1"]
[TimeControl "40/5400+30:1800+30"]

1. d3 {[%emt 0:00:12]} d5 {[%emt 0:00:00]} 2. Nf3 {[%emt 0:00:06]} Nf6 {[%emt 0:00:24]} 3. g3 {[%emt 0:00:05]} g6 {[%emt 0:00:41]} 4. Bg2 {[%emt 0:00:06]} Bg7 {[%emt 0:00:04]} 5. O-O {[%emt 0:00:24]} O-O {[%emt 0:00:33]} 6. Nbd2 {[%emt 0:00:41]} Nbd7 {[%emt 0:01:32]} 7. e4 {[%emt 0:01:15]} dxe4 {[%emt 0:00:29]} 8. dxe4 {[%emt 0:01:19]} e5 {[%emt 0:01:33]} 9. c3 {[%emt 0:01:08]} Qe7 {[%emt 0:02:25]} 10. Qc2 {[%emt 0:00:38]} b6 {[%emt 0:03:02]} 11. b4 {[%emt 0:04:06]} Ba6 {[%emt 0:04:20]} 12. Re1 {[%emt 0:01:58]} Rfd8 {[%emt 0:00:44]} 13. a4 {[%emt 0:00:36]} Bb7 {[%emt 0:03:52]} 14. Ba3 {[%emt 0:03:12]} a6 {[%emt 0:03:37]} 15. Bf1 {[%emt 0:08:08]} Qe8 {[%emt 0:03:54]} 16. Bc4 {[%emt 0:03:02]} h6 {[%emt 0:01:56]} 17. Nh4 {[%emt 0:07:37]} Nf8 {[%emt 0:01:13]} 18. Ndf3 {[%emt 0:15:25]} b5 {[%emt 0:09:24]} 19. Bb3 {[%emt 0:02:18]} Bc8 {[%emt 0:06:59]} 20. Bb2 {[%emt 0:02:13]} Bg4 {[%emt 0:03:23]} 21. Kg2 {[%emt 0:14:54]} Qe7 {[%emt 0:09:57]} 22. h3 {[%emt 0:02:14]} Be6 {[%emt 0:04:02]} 23. c4 {[%emt 0:09:50]} bxa4 {[%emt 0:04:59]} 24. Rxa4 {[%emt 0:06:52]} N6d7 {[%emt 0:08:06]} 25. c5 {[%emt 0:01:31]} Bxb3 {[%emt 0:02:19]} 26. Qxb3 {[%emt 0:00:07]} a5 27. c6 {[%emt 0:00:50]} Nf6 {[%emt 0:05:33]} 28. Rxa5 {[%emt 0:03:53]} Rab8 {[%emt 0:04:28]} 29. Bc3 {[%emt 0:02:12]} Ne6 {[%emt 0:02:50]} 30. Nxe5 {[%emt 0:01:42]} Kh7 {[%emt 0:00:40]} 31. Nhf3 {[%emt 0:00:57]} Rf8 {[%emt 0:02:08]} 32. Qc4 {[%emt 0:00:44]} Rbd8 {[%emt 0:01:02]} 33. Ra7 {[%emt 0:01:15]} g5 {[%emt 0:01:24]} 34. b5 {[%emt 0:00:46]} Qe8 {[%emt 0:00:49]} 35. Bb4 {[%emt 0:01:05]} Rg8 {[%emt 0:00:04]} 36. b6 {[%emt 0:00:28]} Nh5 {[%emt 0:00:45]} 37. Nd7 {[%emt 0:01:55]} cxb6 {[%emt 0:01:23]} 38. e5 {[%emt 0:00:28]} Bh8 {[%emt 0:01:26]} 39. Qe4+ {[%emt 0:00:19]} Rg6 {[%emt 0:00:16]} 40. Kh2 {[%emt 0:00:00]} Kg8 {[%emt 0:00:00]} 41. Nxb6 {[%emt 0:02:45]} f5 {[%emt 0:04:39]} 42. exf6 {[%emt 0:01:15]} Nxf6 {[%emt 0:01:10]} 43. Qxe6+ {[%emt 0:01:02]} Qxe6 {[%emt 0:00:06]} 44. Rxe6 {[%emt 0:00:04]} Ng4+ {[%emt 0:00:23]} 45. hxg4 {[%emt 0:00:40]} Rxe6 {[%emt 0:00:01]} 46. c7 {[%emt 0:00:13]} Ree8 {[%emt 0:00:18]} 47. cxd8=Q {[%emt 0:00:10]} Rxd8 {[%emt 0:00:50]} 48. Ra8 {[%emt 0:00:33]} Rxa8 {[%emt 0:00:06]} 49. Nxa8 {[%emt 0:00:03]} Bf6 {[%emt 0:00:13]} 50. Nc7 {[%emt 0:00:02]} Kf7 {[%emt 0:00:09]} 51. Nd5 {[%emt 0:00:06]} Bg7 {[%emt 0:00:04]} 52. Bd2 {[%emt 0:00:03]} Ke6 {[%emt 0:00:09]} 53. Nb4 {[%emt 0:00:13]} Bf6 {[%emt 0:00:06]} 54. Nc2 {[%emt 0:00:38]} Kd5 {[%emt 0:00:08]} 55. Kg2 {[%emt 0:00:36]} Ke4 {[%emt 0:00:16]} 56. Ne3 {[%emt 0:00:37]} Bd8 {[%emt 0:00:29]} 57. Nf5 {[%emt 0:00:06]} h5 {[%emt 0:00:05]} 58. Nxg5+ {[%emt 0:00:06]} Kd3 {[%emt 0:00:13]} 59. gxh5 {[%emt 0:00:18]} Kxd2 {[%emt 0:00:07]} 60. Ne6 {[%emt 0:00:08]} Bf6 {[%emt 0:00:06]} 61. Nfg7 {[%emt 0:00:07]} Ke2 {[%emt 0:00:18]} 62. h6 {[%emt 0:00:08]} Bc3 {[%emt 0:00:05]} 63. h7 {[%emt 0:00:05]} Be1 {[%emt 0:00:05]} 64. Nf4+ {[%emt 0:00:04]} Kd2 {[%emt 0:00:06]} 65. h8=Q {[%emt 0:00:08]} Bxf2 {[%emt 0:00:05]} 66. Qd8+ {[%emt 0:00:06]} Kc3 {[%emt 0:00:09]} 67. Qd3+ {[%emt 0:00:04]} Kb4 {[%emt 0:00:07]} 68. Kxf2 {[%emt 0:00:08]} Kc5 {[%emt 0:00:03]} 69. Nge6+ {[%emt 0:00:06]} Kb4 {[%emt 0:00:08]} 70. Nd5+ {[%emt 0:00:05]} Ka5 {[%emt 0:00:13]} 71. Qb1 {[%emt 0:00:24]} Ka6 {[%emt 0:00:05]} 72. Qb6# {[%emt 0:00:06]} 1-0

[Event "Prague Festival Future 2020"]
[Site "Prague"]
[Date "2020.02.15"]
[Round "4.3"]
[White "Aydin, Gulenay"]
[Black "Vagman, Roy"]
[Result "0-1"]
[WhiteElo "1964"]
[BlackElo "2141"]
[Annotator "ChessBase"]
[PlyCount "74"]
[EventDate "2020.02.12"]
[EventType "tourn"]
[EventCountry "CZE"]
[SourceTitle "playchess.com"]
[Source "ChessBase"]
[SourceQuality "1"]
[TimeControl "40/5400+30:1800+30"]

1. e4 {[%emt 0:00:00]} c5 {[%emt 0:00:00]} 2. Nf3 {[%emt 0:00:00]} a6 {[%emt 0:00:13]} 3. c3 {[%emt 0:03:45]} d5 {[%emt 0:00:11]} 4. exd5 {[%emt 0:01:34]} Qxd5 {[%emt 0:00:14]} 5. d4 {[%emt 0:00:06]} Nf6 {[%emt 0:00:20]} 6. Be2 {[%emt 0:02:09]} cxd4 {[%emt 0:01:02]} 7. cxd4 {[%emt 0:00:51]} Nc6 {[%emt 0:00:28]} 8. O-O {[%emt 0:02:33]} e6 {[%emt 0:01:12]} 9. Nc3 {[%emt 0:03:06]} Qd6 {[%emt 0:00:21]} 10. Bg5 {[%emt 0:04:51]} Be7 {[%emt 0:01:21]} 11. Qd2 {[%emt 0:02:54]} O-O {[%emt 0:02:34]} 12. Rad1 {[%emt 0:04:28]} Nb4 {[%emt 0:01:48]} 13. Rfe1 {[%emt 0:08:58]} Nbd5 {[%emt 0:02:08]} 14. Ne5 {[%emt 0:05:53]} Rd8 {[%emt 0:24:46]} 15. Bf3 {[%emt 0:03:58]} Nxc3 {[%emt 0:16:29]} 16. bxc3 {[%emt 0:03:52]} Nd5 {[%emt 0:00:33]} 17. Bxe7 {[%emt 0:09:49]} Nxe7 {[%emt 0:00:41]} 18. Be4 {[%emt 0:05:40]} Ng6 {[%emt 0:02:15]} 19. Nd3 {[%emt 0:07:23]} Rb8 {[%emt 0:01:06]} 20. Rb1 {[%emt 0:00:34]} f5 {[%emt 0:01:56]} 21. Bf3 {[%emt 0:02:16]} e5 {[%emt 0:01:07]} 22. Bh5 {[%emt 0:02:56]} e4 {[%emt 0:03:10]} 23. Bxg6 {[%emt 0:01:27]} hxg6 {[%emt 0:00:23]} 24. Nf4 {[%emt 0:00:25]} g5 {[%emt 0:01:18]} 25. Ne2 {[%emt 0:03:33]} f4 {[%emt 0:01:53]} 26. h4 {[%emt 0:02:39]} Bf5 {[%emt 0:03:15]} 27. Rbd1 {[%emt 0:07:16]} Rf8 {[%emt 0:06:55]} 28. hxg5 {[%emt 0:02:14]} Bg6 {[%emt 0:00:02]} 29. d5 {[%emt 0:01:48]} Rbe8 {[%emt 0:04:04]} 30. Qd4 {[%emt 0:02:41]} b5 {[%emt 0:04:19]} 31. c4 {[%emt 0:02:11]} bxc4 {[%emt 0:00:31]} 32. Qxc4 {[%emt 0:02:25]} f3 {[%emt 0:00:01]} 33. Ng3 {[%emt 0:00:47]} e3 {[%emt 0:02:12]} 34. Qh4 {[%emt 0:01:14]} Rf4 {[%emt 0:00:41]} 35. Qh3 {[%emt 0:00:36]} exf2+ {[%emt 0:00:17]} 36. Kxf2 {[%emt 0:00:14]} Qc5+ {[%emt 0:00:01]} 37. Kf1 {[%emt 0:00:13]} fxg2+ {[%emt 0:00:08]} 0-1

[Event "Prague Festival Future 2020"]
[Site "Prague"]
[Date "2020.02.15"]
[Round "4.4"]
[White "Gurel, Ediz"]
[Black "Brozka, Karel"]
[Result "1-0"]
[WhiteElo "2125"]
[BlackElo "2045"]
[Annotator "NA"]
[PlyCount "103"]
[EventDate "2020.02.12"]
[EventType "tourn"]
[EventCountry "CZE"]
[SourceTitle "playchess.com"]
[Source "ChessBase"]
[SourceQuality "1"]
[TimeControl "40/5400+30:1800+30"]

1. e4 {[%emt 0:00:01]} d5 {[%emt 0:00:00]} 2. exd5 {[%emt 0:00:45]} Qxd5 {[%emt 0:00:03]} 3. Nc3 {[%emt 0:00:54]} Qa5 {[%emt 0:00:18]} 4. d4 {[%emt 0:00:27]} Nf6 {[%emt 0:00:25]} 5. Nf3 {[%emt 0:01:38]} c6 {[%emt 0:01:07]} 6. Bc4 {[%emt 0:01:01]} Bf5 {[%emt 0:01:12]} 7. O-O {[%emt 0:00:59]} e6 {[%emt 0:00:39]} 8. Ne5 {[%emt 0:02:11]} Bb4 {[%emt 0:03:59]} 9. Bd2 $11 {[%emt 0:02:34]} Nbd7 {[%emt 0:01:37]} 10. a3 {[%emt 0:02:47]} Bxc3 {[%emt 0:03:01]} 11. Bxc3 {[%emt 0:01:00]} Qc7 {[%emt 0:00:42]} 12. Nxd7 {[%emt 0:11:58]} Qxd7 {[%emt 0:02:32]} 13. Re1 {[%emt 0:07:29]} O-O {[%emt 0:03:22]} 14. b3 {[%emt 0:06:59]} Rfd8 {[%emt 0:03:25]} 15. Bb2 {[%emt 0:03:37]} Qc7 {[%emt 0:02:20]} 16. Qc1 {[%emt 0:09:47]} h6 {[%emt 0:08:44]} 17. Bf1 {[%emt 0:03:56]} Rd7 {[%emt 0:06:26]} 18. h3 {[%emt 0:02:13]} Rad8 {[%emt 0:03:15]} 19. c4 {[%emt 0:04:32]} Ne4 {[%emt 0:14:23]} 20. g4 {[%emt 0:08:24]} Bg6 {[%emt 0:10:06]} 21. Bg2 {[%emt 0:00:12]} Nd6 {[%emt 0:01:14]} 22. Qc3 {[%emt 0:02:13]} Ne8 {[%emt 0:02:52]} 23. Rad1 {[%emt 0:05:40]} e5 {[%emt 0:03:55]} 24. d5 {[%emt 0:01:50]} f6 {[%emt 0:00:43]} 25. Qc1 {[%emt 0:03:19]} c5 {[%emt 0:07:58]} 26. h4 {[%emt 0:02:44]} Nd6 {[%emt 0:03:18]} 27. f4 {[%emt 0:03:10]} exf4 {[%emt 0:01:28]} 28. Qxf4 {[%emt 0:00:09]} Nf7 {[%emt 0:03:46]} 29. Qf2 {[%emt 0:02:07]} Re7 {[%emt 0:04:03]} 30. Rxe7 {[%emt 0:01:11]} Qxe7 {[%emt 0:00:02]} 31. Re1 {[%emt 0:00:07]} Ne5 {[%emt 0:01:38]} 32. g5 {[%emt 0:02:27]} hxg5 {[%emt 0:00:29]} 33. hxg5 {[%emt 0:00:10]} Re8 {[%emt 0:00:14]} 34. Re3 {[%emt 0:03:40]} Qd6 {[%emt 0:01:10]} 35. Qg3 {[%emt 0:00:35]} Kh7 {[%emt 0:02:38]} 36. Bh3 {[%emt 0:01:25]} b5 {[%emt 0:01:33]} 37. Be6 {[%emt 0:00:54]} Rxe6 {[%emt 0:01:08]} 38. Qh3+ {[%emt 0:00:04]} Kg8 {[%emt 0:00:07]} 39. Qxe6+ {[%emt 0:00:05]} Qxe6 {[%emt 0:00:14]} 40. dxe6 {[%emt 0:00:00]} bxc4 {[%emt 0:00:00]} 41. Bxe5 {[%emt 0:00:33]} fxe5 {[%emt 0:01:09]} 42. bxc4 {[%emt 0:00:04]} e4 {[%emt 0:01:28]} 43. Rb3 {[%emt 0:01:39]} Kf8 {[%emt 0:00:42]} 44. Kf2 {[%emt 0:01:13]} Ke7 {[%emt 0:01:48]} 45. Rb7+ {[%emt 0:00:05]} Kxe6 {[%emt 0:00:13]} 46. Rxg7 {[%emt 0:00:33]} Kf5 {[%emt 0:01:29]} 47. Ke3 {[%emt 0:00:42]} Be8 {[%emt 0:00:54]} 48. Rxa7 {[%emt 0:00:15]} Kxg5 {[%emt 0:00:04]} 49. Kxe4 {[%emt 0:00:08]} Bc6+ {[%emt 0:00:20]} 50. Ke5 {[%emt 0:00:04]} Bf3 {[%emt 0:00:28]} 51. Rc7 {[%emt 0:00:13]} Be2 {[%emt 0:00:42]} 52. Rxc5 {[%emt 0:00:19]} 1-0

[Event "Prague Festival Future 2020"]
[Site "Prague"]
[Date "2020.02.15"]
[Round "4.5"]
[White "Nadzamova, Viktoria"]
[Black "Kanov, Nikola"]
[Result "1/2-1/2"]
[WhiteElo "1960"]
[BlackElo "2129"]
[Annotator "ChessBase"]
[PlyCount "87"]
[EventDate "2020.02.12"]
[EventType "tourn"]
[EventCountry "CZE"]
[SourceTitle "playchess.com"]
[Source "ChessBase"]
[SourceQuality "1"]
[TimeControl "40/5400+30:1800+30"]

1. e4 {[%emt 0:00:00]} e6 {[%emt 0:00:00]} 2. d4 {[%emt 0:00:00]} d5 {[%emt 0:00:00]} 3. Nc3 {[%emt 0:00:00]} Bb4 {[%emt 0:00:00]} 4. e5 {[%emt 0:00:04]} c5 {[%emt 0:00:16]} 5. Bd2 {[%emt 0:00:19]} Ne7 {[%emt 0:00:32]} 6. Nb5 {[%emt 0:00:39]} Bxd2+ {[%emt 0:00:11]} 7. Qxd2 {[%emt 0:00:08]} O-O {[%emt 0:00:32]} 8. f4 {[%emt 0:03:03]} cxd4 {[%emt 0:00:18]} 9. Nxd4 {[%emt 0:00:51]} Nbc6 {[%emt 0:01:32]} 10. Ngf3 {[%emt 0:01:08]} Qb6 {[%emt 0:01:10]} 11. O-O-O {[%emt 0:02:48]} Bd7 {[%emt 0:01:43]} 12. Kb1 {[%emt 0:06:36]} Rac8 {[%emt 0:01:25]} 13. Nxc6 {[%emt 0:08:22]} bxc6 {[%emt 0:02:09]} 14. h4 {[%emt 0:04:10]} c5 {[%emt 0:02:16]} 15. g4 {[%emt 0:09:25]} d4 {[%emt 0:11:39]} 16. Bc4 {[%emt 0:09:24]} Bb5 {[%emt 0:02:54]} 17. Bxb5 {[%emt 0:03:47]} Qxb5 {[%emt 0:00:43]} 18. Qd3 {[%emt 0:02:09]} Qxd3 {[%emt 0:07:04]} 19. Rxd3 {[%emt 0:00:40]} Nd5 {[%emt 0:00:04]} 20. f5 {[%emt 0:01:43]} Ne3 {[%emt 0:00:50]} 21. f6 {[%emt 0:01:58]} gxf6 {[%emt 0:14:27]} 22. exf6 {[%emt 0:01:27]} Rfe8 {[%emt 0:18:14]} 23. Ne5 {[%emt 0:05:06]} Red8 {[%emt 0:00:20]} 24. c4 {[%emt 0:03:37]} Rd6 {[%emt 0:16:17]} 25. Rb3 {[%emt 0:06:05]} Rb6 {[%emt 0:01:34]} 26. Rxb6 {[%emt 0:01:15]} axb6 {[%emt 0:00:00]} 27. a4 {[%emt 0:01:02]} Rd8 {[%emt 0:05:16]} 28. Kc1 {[%emt 0:01:57]} Ra8 {[%emt 0:02:34]} 29. b3 {[%emt 0:00:25]} Rd8 {[%emt 0:01:34]} 30. Kd2 {[%emt 0:00:55]} Rc8 {[%emt 0:00:50]} 31. Rg1 {[%emt 0:01:00]} Rc7 {[%emt 0:02:28]} 32. Kd3 {[%emt 0:01:38]} Kf8 {[%emt 0:00:31]} 33. h5 {[%emt 0:03:42]} Rb7 {[%emt 0:01:49]} 34. g5 {[%emt 0:01:47]} Nf5 {[%emt 0:00:45]} 35. Rh1 {[%emt 0:03:19]} Kg8 {[%emt 0:00:30]} 36. g6 {[%emt 0:01:42]} fxg6 {[%emt 0:00:53]} 37. hxg6 {[%emt 0:00:11]} hxg6 {[%emt 0:00:04]} 38. Nxg6 {[%emt 0:00:21]} Nd6 {[%emt 0:01:06]} 39. Ne5 {[%emt 0:03:22]} Ra7 {[%emt 0:03:51]} 40. Ng6 {[%emt 0:00:00]} Rb7 {[%emt 0:00:00]} 41. Rh6 {[%emt 0:16:46]} Nf7 {[%emt 0:11:02]} 42. Rh5 {[%emt 0:05:36]} Nd6 {[%emt 0:01:58]} 43. Rh6 {[%emt 0:01:49]} Nf7 {[%emt 0:10:12]} 44. Rh5 {[%emt 0:00:31]} 1/2-1/2

[Event "Prague Festival Future 2020"]
[Site "Prague"]
[Date "2020.02.16"]
[Round "5.1"]
[White "Brozka, Karel"]
[Black "Nadzamova, Viktoria"]
[Result "1/2-1/2"]
[WhiteElo "2045"]
[BlackElo "1960"]
[Annotator "ChessBase"]
[PlyCount "120"]
[EventDate "2020.02.12"]
[EventType "tourn"]
[EventCountry "CZE"]
[SourceTitle "playchess.com"]
[Source "ChessBase"]
[SourceQuality "1"]
[TimeControl "40/5400+30:1800+30"]

1. d4 Nf6 {[%emt 0:00:00]} 2. Nf3 {[%emt 0:00:00]} e6 {[%emt 0:00:00]} 3. c4 {[%emt 0:00:00]} b6 {[%emt 0:00:00]} 4. Nc3 {[%emt 0:00:00]} Bb4 {[%emt 0:00:00]} 5. Bg5 {[%emt 0:00:21]} Bb7 {[%emt 0:00:02]} 6. e3 {[%emt 0:00:12]} h6 {[%emt 0:00:06]} 7. Bh4 {[%emt 0:00:17]} g5 {[%emt 0:00:18]} 8. Bg3 {[%emt 0:00:06]} Ne4 {[%emt 0:00:06]} 9. Qc2 {[%emt 0:00:40]} Bxc3+ {[%emt 0:00:42]} 10. bxc3 {[%emt 0:00:08]} Nxg3 {[%emt 0:00:05]} 11. fxg3 {[%emt 0:06:38]} d6 {[%emt 0:03:33]} 12. Bd3 {[%emt 0:04:36]} Nd7 {[%emt 0:02:22]} 13. O-O {[%emt 0:02:00]} Qe7 {[%emt 0:02:01]} 14. Be4 {[%emt 0:06:09]} Bxe4 {[%emt 0:02:31]} 15. Qxe4 {[%emt 0:00:02]} O-O {[%emt 0:00:10]} 16. Qc6 {[%emt 0:04:22]} Nf6 {[%emt 0:03:09]} 17. Rae1 {[%emt 0:05:30]} Qd7 {[%emt 0:05:24]} 18. Qxd7 {[%emt 0:07:19]} Nxd7 {[%emt 0:00:07]} 19. Nd2 {[%emt 0:02:05]} e5 {[%emt 0:18:47]} 20. Rf5 {[%emt 0:11:34]} f6 {[%emt 0:01:23]} 21. g4 {[%emt 0:09:24]} Kg7 {[%emt 0:03:14]} 22. Ne4 {[%emt 0:03:59]} Rae8 {[%emt 0:02:51]} 23. Ng3 {[%emt 0:02:30]} e4 {[%emt 0:06:45]} 24. Rf2 {[%emt 0:05:28]} Kg6 {[%emt 0:04:18]} 25. Nf5 {[%emt 0:00:50]} Nb8 {[%emt 0:03:10]} 26. Ref1 {[%emt 0:08:07]} Nd7 {[%emt 0:02:35]} 27. Rb1 {[%emt 0:01:01]} Rf7 {[%emt 0:06:38]} 28. h3 {[%emt 0:04:17]} Rff8 {[%emt 0:02:31]} 29. Rb4 {[%emt 0:00:32]} a5 {[%emt 0:06:49]} 30. Rb5 {[%emt 0:01:12]} Re6 {[%emt 0:00:50]} 31. Rb1 {[%emt 0:02:21]} Rc8 {[%emt 0:02:24]} 32. Rc2 {[%emt 0:01:12]} Ree8 {[%emt 0:03:14]} 33. Rb5 {[%emt 0:01:31]} Re6 {[%emt 0:01:35]} 34. Rbb2 {[%emt 0:03:00]} Ree8 {[%emt 0:01:35]} 35. a4 {[%emt 0:00:31]} Rcd8 {[%emt 0:06:18]} 36. Rf2 {[%emt 0:01:10]} Re6 {[%emt 0:01:58]} 37. Rfd2 {[%emt 0:05:05]} Ree8 {[%emt 0:00:26]} 38. Rb5 {[%emt 0:01:03]} Rb8 {[%emt 0:00:48]} 39. Rb1 {[%emt 0:01:30]} Rbd8 {[%emt 0:00:27]} 40. Kf2 {[%emt 0:00:00]} Nb8 {[%emt 0:00:00]} 41. Kg1 {[%emt 0:01:57]} Nd7 {[%emt 0:02:16]} 42. g3 {[%emt 0:02:03]} Re6 {[%emt 0:07:09]} 43. Rh2 {[%emt 0:04:05]} Rh8 {[%emt 0:03:48]} 44. Kg2 {[%emt 0:02:01]} Ree8 {[%emt 0:00:49]} 45. Rbh1 {[%emt 0:02:04]} h5 {[%emt 0:00:29]} 46. Rf1 {[%emt 0:02:10]} hxg4 {[%emt 0:00:24]} 47. hxg4 {[%emt 0:00:01]} Rxh2+ {[%emt 0:00:09]} 48. Kxh2 {[%emt 0:00:09]} Rh8+ {[%emt 0:01:00]} 49. Kg2 {[%emt 0:00:08]} Kf7 {[%emt 0:00:11]} 50. Rb1 {[%emt 0:01:10]} Ke6 {[%emt 0:02:02]} 51. Ng7+ {[%emt 0:00:16]} Kf7 {[%emt 0:00:36]} 52. Nf5 {[%emt 0:00:01]} Rh7 {[%emt 0:00:18]} 53. Rh1 {[%emt 0:10:58]} Rxh1 {[%emt 0:01:29]} 54. Kxh1 {[%emt 0:00:01]} Nb8 {[%emt 0:01:40]} 55. Kg2 {[%emt 0:00:19]} Nc6 {[%emt 0:01:17]} 56. Kf2 {[%emt 0:00:28]} Nd8 {[%emt 0:01:44]} 57. Ke2 {[%emt 0:01:04]} Ke6 {[%emt 0:01:31]} 58. Ng7+ {[%emt 0:00:29]} Kd7 {[%emt 0:00:38]} 59. Nh5 {[%emt 0:01:02]} Ke7 {[%emt 0:00:31]} 60. Ng7 {[%emt 0:00:05]} Kf7 {[%emt 0:05:58]} 1/2-1/2

[Event "Prague Festival Future 2020"]
[Site "Prague"]
[Date "2020.02.16"]
[Round "5.2"]
[White "Nemec, Jachym"]
[Black "Aydin, Gulenay"]
[Result "1-0"]
[WhiteElo "2069"]
[BlackElo "1964"]
[Annotator "ChessBase"]
[PlyCount "101"]
[EventDate "2020.02.12"]
[EventType "tourn"]
[EventCountry "CZE"]
[SourceTitle "playchess.com"]
[Source "ChessBase"]
[SourceQuality "1"]
[TimeControl "40/5400+30:1800+30"]

1. e4 {[%emt 0:00:00]} c5 {[%emt 0:00:00]} 2. Nf3 {[%emt 0:00:00]} d6 {[%emt 0:00:00]} 3. d4 {[%emt 0:00:01]} cxd4 {[%emt 0:00:00]} 4. Nxd4 {[%emt 0:00:10]} Nf6 {[%emt 0:00:00]} 5. Nc3 {[%emt 0:00:10]} g6 {[%emt 0:00:03]} 6. Be3 {[%emt 0:00:10]} Bg7 {[%emt 0:00:07]} 7. f3 {[%emt 0:00:20]} O-O {[%emt 0:00:30]} 8. Qd2 {[%emt 0:00:13]} Nc6 {[%emt 0:00:07]} 9. O-O-O {[%emt 0:00:11]} Nxd4 {[%emt 0:01:41]} 10. Bxd4 {[%emt 0:00:10]} Be6 {[%emt 0:00:38]} 11. Kb1 {[%emt 0:00:07]} a6 {[%emt 0:04:38]} 12. g4 {[%emt 0:03:34]} Qc7 {[%emt 0:13:28]} 13. h4 {[%emt 0:02:52]} Rfc8 {[%emt 0:11:01]} 14. h5 {[%emt 0:21:08]} Qa5 {[%emt 0:05:57]} 15. a3 {[%emt 0:00:46]} b5 {[%emt 0:12:03]} 16. hxg6 {[%emt 0:09:49]} fxg6 {[%emt 0:03:07]} 17. Qg5 {[%emt 0:02:13]} Rab8 {[%emt 0:15:56]} 18. Bd3 {[%emt 0:02:51]} Bf7 {[%emt 0:09:51]} 19. f4 {[%emt 0:13:16]} e5 {[%emt 0:08:20]} 20. fxe5 {[%emt 0:02:31]} b4 {[%emt 0:00:07]} 21. Nd5 {[%emt 0:03:47]} Nxd5 {[%emt 0:01:39]} 22. exd5 {[%emt 0:00:24]} Qxd5 {[%emt 0:01:01]} 23. Bf5 {[%emt 0:17:02]} dxe5 {[%emt 0:06:29]} 24. Bxc8 {[%emt 0:05:48]} Rxc8 {[%emt 0:00:13]} 25. Bxe5 {[%emt 0:00:30]} Qa2+ {[%emt 0:02:15]} 26. Kc1 {[%emt 0:00:05]} Bxe5 {[%emt 0:00:03]} 27. Qxe5 {[%emt 0:03:08]} bxa3 {[%emt 0:01:16]} 28. Qf6 {[%emt 0:03:11]} axb2+ {[%emt 0:01:01]} 29. Qxb2 {[%emt 0:00:12]} Qc4 {[%emt 0:00:16]} 30. Rxh7 {[%emt 0:01:42]} Qxc2+ {[%emt 0:02:21]} 31. Qxc2 {[%emt 0:00:05]} Rxc2+ {[%emt 0:00:03]} 32. Kxc2 {[%emt 0:00:05]} Kxh7 {[%emt 0:00:02]} 33. Rd7 {[%emt 0:02:12]} Kg7 {[%emt 0:01:21]} 34. g5 {[%emt 0:00:08]} Kf8 {[%emt 0:00:50]} 35. Rd6 {[%emt 0:02:07]} a5 {[%emt 0:00:22]} 36. Ra6 {[%emt 0:00:10]} Ke7 {[%emt 0:00:15]} 37. Rxa5 {[%emt 0:00:18]} Ke6 {[%emt 0:00:47]} 38. Kd3 {[%emt 0:00:52]} Be8 {[%emt 0:00:34]} 39. Ke4 {[%emt 0:01:31]} Bc6+ {[%emt 0:00:28]} 40. Kf4 {[%emt 0:00:00]} Bb7 {[%emt 0:00:00]} 41. Rb5 {[%emt 0:00:19]} Bg2 {[%emt 0:02:37]} 42. Rb6+ {[%emt 0:00:24]} Kf7 {[%emt 0:00:10]} 43. Ke5 {[%emt 0:00:07]} Bh3 {[%emt 0:00:09]} 44. Rb7+ {[%emt 0:00:38]} Kg8 {[%emt 0:04:13]} 45. Kf6 {[%emt 0:00:04]} Bf5 {[%emt 0:00:05]} 46. Rg7+ {[%emt 0:00:08]} Kh8 {[%emt 0:00:16]} 47. Rxg6 {[%emt 0:00:16]} Bxg6 {[%emt 0:00:08]} 48. Kxg6 {[%emt 0:00:05]} Kg8 {[%emt 0:00:02]} 49. Kf6 {[%emt 0:00:05]} Kf8 {[%emt 0:00:13]} 50. g6 {[%emt 0:00:05]} Kg8 {[%emt 0:00:05]} 51. g7 {[%emt 0:00:03]} 1-0